000 00930cam a22001934a 4500
005 20250605164138.0
008 250528s ||||||||||||||||||||||||d
035 _a18858
040 _aGR-AtMCL
_bgre
_dGR-AtMCL
_eAACR2
245 1 _aNational and International Systems of Broadcasting / Their History, Operation and Control
260 _c1969
300 _a752
520 _aAcknowledgements, Foreword, Introduction, National Systems of Broadcasting, North and Central America, The United Kingdom and Ireland, The Benelux Countries, The Northern Countries, France and the Mediterranean Countries, The Middle European Countries, The Iberian Peninsula, The Soviet Union and Eastern Europe, The Middle East, Africa and Asia and Australia, International Broadcasting, Appendices, Bibliography, Index.
700 1 _aEast Lansing
_95131
700 1 _aEmery Walter B
_95132
942 _cBK
999 _c4167
_d4167